00422nam a2200169Ia 4500003000400000008004100004040001600045082001300061100002200074245004000096260004200136300000800178650000900186650001300195650001200208650003200220GCL140319s9999 xx 000 0 eng d aGCL / cGCL04a759bJ.P1 aJAFFE, HANS L. C.10aPABLO PICASSO / cJAFFE, HANS L. C. a[S.N] : bTHAMES AND HUDSON ، c1988 a12704aARTS04aPAINTING04aARTISTS04aPICASSO, PABLO, 1881 - 1973